Understanding Diabetes/ (Record no. 19375)

MARC details
000 -LEADER
fixed length control field 00433nam a22001577a 4500
008 - FIXED-LENGTH DATA ELEMENTS--GENERAL INFORMATION
fixed length control field 220707b |||||||| |||| 00| 0 eng d
020 ## - INTERNATIONAL STANDARD BOOK NUMBER
International Standard Book Number 0470850343
050 ## - LIBRARY OF CONGRESS CALL NUMBER
Classification number RC660.4
Item number .C53 2004
100 ## - MAIN ENTRY--PERSONAL NAME
Personal name Clark, Marie
245 ## - TITLE STATEMENT
Title Understanding Diabetes/
Statement of responsibility, etc. Marie Clark
260 ## - PUBLICATION, DISTRIBUTION, ETC. (IMPRINT)
Place of publication, distribution, etc. Hoboken
Name of publisher, distributor, etc. John Wiley
Date of publication, distribution, etc. 2004
300 ## - PHYSICAL DESCRIPTION
Extent xi, 122p.
650 ## - SUBJECT ADDED ENTRY--TOPICAL TERM
Topical term or geographic name as entry element Diabetes
Form subdivision popular works
650 ## - SUBJECT ADDED ENTRY--TOPICAL TERM
Topical term or geographic name as entry element Diabetes
Topical term following geographic name as entry element psychological aspects
942 ## - ADDED ENTRY ELEMENTS (KOHA)
Source of classification or shelving scheme Library of Congress Classification
Koha item type General Collection
Holdings
Withdrawn status Lost status Source of classification or shelving scheme Not for loan Home library Current library Date acquired Cost, normal purchase price Total Checkouts Full call number Barcode Date last seen Date last checked out Price effective from Koha item type
    Library of Congress Classification   Kabarak, Main Campus Kabarak, Main Campus 07/07/2022 2534.00 2 RC660.4 .C53 2004 c.1 031920 07/02/2026 22/01/2026 07/07/2022 General Collection
Designed with assistance from East African Informatics Ltd